| 000 | 01266cam a2200349 a 4500 | ||
|---|---|---|---|
| 001 | 2538739 | ||
| 005 | 20250319102014.0 | ||
| 008 | 931217s1993 pk 001 0 eng | ||
| 010 | _a 93930421 | ||
| 020 |
_a969402126X : _cRs200.00 |
||
| 025 | _aP-E-025359 13/9-29 | ||
| 040 |
_aDLC _cDLC _dDLC |
||
| 042 | _alcode | ||
| 043 | _aa-pk--- | ||
| 050 | 0 | 0 |
_aDS381.7 _b.A95 1993 |
| 082 | 0 | 0 |
_a954.91 _bAZI |
| 100 | 1 |
_aAziz, Khursheed Kamal, _d1927-2009. _996976 |
|
| 245 | 1 | 4 |
_aThe murder of history : _ba critique of history textbooks used in Pakistan / _cK.K. Aziz. |
| 260 |
_aLahore : _bVanguard, _c2020. |
||
| 300 |
_axvii, 278 p. ; _c22 cm. |
||
| 500 | _aCover title: The murder of history in Pakistan. | ||
| 500 | _aIncludes index. | ||
| 650 | 0 |
_aHistoriography _zPakistan. _9107344 |
|
| 651 | 0 |
_aPakistan _xHistory _xStudy and teaching. _9107347 |
|
| 651 | 0 |
_aPakistan _xHistory _xTextbooks. _9107348 |
|
| 651 | 0 |
_aPakistan _xHistory _xErrors, inventions, etc. _9107346 |
|
| 651 | 0 |
_aPakistan _xHistoriography. _9107345 |
|
| 740 | 0 | _aMurder of history in Pakistan. | |
| 906 |
_a7 _bcbc _corigode _d3 _encip _f19 _gy-gencatlg |
||
| 942 |
_2ddc _cBK |
||
| 999 |
_c613428 _d613428 |
||